| 000 | 01247nam a2200313 a 4500 | ||
|---|---|---|---|
| 001 | 000025132 | ||
| 005 | 20250527113225.0 | ||
| 008 | 110210s1973 mx r 000 0 spa d | ||
| 040 |
_aDO-SdBNP _bspa _cBNPHU |
||
| 041 | 1 | 7 |
_aspa _heng _2Código de idiomas MARC |
| 082 |
_a658.406 _bB472d |
||
| 100 | 1 |
_aBennis, Warren G. _951525 |
|
| 240 | 1 | 0 |
_aIn command of tomorrow. _lEspañol |
| 245 | 1 | 0 |
_aDesarrollo organizacional: su naturaleza, sus origenes y perspectivas / _cWarren G. Bennis ; versión en español de Angel Gaos. |
| 260 |
_aMéxico, D. F. : _bCentro Regional de Ayuda Técnica. Agencia para el Desarrollo Internacional ;, _c1973. |
||
| 300 |
_a104 p. ; _c19 cm. |
||
| 504 | _aIncluye referencias bibliográficas : 95-100 p. | ||
| 500 | _a"Breve tratado de ecología". | ||
| 534 |
_aTítulo de la obra en inglés : _tIn command of tomorrow |
||
| 650 | 4 |
_aCambio organizacional _927674 |
|
| 650 | 0 |
_aAdministración industrial _95872 |
|
| 650 | 4 |
_aComunicación organizacional _913145 |
|
| 650 | 4 |
_aPlanificación industrial _951526 |
|
| 650 | 4 |
_aOrganización _933899 |
|
| 700 | 1 |
_aGaos, Angel, _etr. _951527 |
|
| 700 | 1 |
_aRivera, Olga Margarita, _etr. _951524 |
|
| 710 | 2 |
_aFondo Educativo Interamericano _951528 |
|
| 049 | _aBNGR | ||
| 999 |
_c24625 _d24625 |
||